Godzilla Kaiju by Picture Quiz - Sudden Death - Statistics

General Stats
  • This quiz has been taken 425 times
  • The average score is 9 of 18
Answers on the Grid
Answers color-coded by a green-red scale on the quiz's grid according to % correct below.
GODZILLA


KING CAESAR

GIGAN
BIOLLANTE

KING KONG

DESTOROYAH
MEGALON

TITANOSAURUS

ANGUIRUS
MOTHRA
MECHAGODZILLA

MUTO
KING GHIDORAH

BARAGON

ORGA
JET JAGUAR


RODAN
MEGAGUIRUS
 
Answer Stats
Answer % Correct
GODZILLA
95%
KING KONG
60%
GIGAN
55%
KING CAESAR
54%
MOTHRA
54%
KING GHIDORAH
52%
BIOLLANTE
51%
DESTOROYAH
49%
MECHAGODZILLA
49%
RODAN
49%
ANGUIRUS
47%
MEGALON
47%
JET JAGUAR
45%
MUTO
45%
TITANOSAURUS
43%
ORGA
42%
BARAGON
40%
MEGAGUIRUS
40%
No matching quizzes found
Score Distribution
Percent of People with Each Score
Percentile by Number Answered
Your Score History
You have not taken this quiz